<?xml version="1.0" encoding="UTF-8"?>
<record
    xmlns:xsi="http://www.w3.org/2001/XMLSchema-instance"
    xsi:schemaLocation="http://www.loc.gov/MARC21/slim http://www.loc.gov/standards/marcxml/schema/MARC21slim.xsd"
    xmlns="http://www.loc.gov/MARC21/slim">

  <leader>02604nam a2200409Ia 4500</leader>
  <controlfield tag="001">991107278048006196</controlfield>
  <controlfield tag="005">20251124123745.0</controlfield>
  <controlfield tag="006">m     o  d        </controlfield>
  <controlfield tag="007">cr |||||||||||</controlfield>
  <controlfield tag="008">230426s2023    enk     o     001 0 eng  </controlfield>
  <datafield tag="020" ind1=" " ind2=" ">
    <subfield code="a">9781350299436</subfield>
  </datafield>
  <datafield tag="024" ind1="7" ind2=" ">
    <subfield code="a">10.5040/9781350299450</subfield>
    <subfield code="2">doi</subfield>
  </datafield>
  <datafield tag="035" ind1=" " ind2=" ">
    <subfield code="a">(CKB)5860000000311105</subfield>
  </datafield>
  <datafield tag="035" ind1=" " ind2=" ">
    <subfield code="a">(NjHacI)995860000000311105</subfield>
  </datafield>
  <datafield tag="035" ind1=" " ind2=" ">
    <subfield code="a">(OCoLC)1377668246</subfield>
  </datafield>
  <datafield tag="035" ind1=" " ind2=" ">
    <subfield code="a">(UkLoBP)BP9781350299450BC</subfield>
  </datafield>
  <datafield tag="035" ind1=" " ind2=" ">
    <subfield code="a">(MiAaPQ)EBC30789663</subfield>
  </datafield>
  <datafield tag="035" ind1=" " ind2=" ">
    <subfield code="a">(Au-PeEL)EBL30789663</subfield>
  </datafield>
  <datafield tag="035" ind1=" " ind2=" ">
    <subfield code="a">(Perlego)4173625</subfield>
  </datafield>
  <datafield tag="035" ind1=" " ind2=" ">
    <subfield code="a">(EXLCZ)995860000000311105</subfield>
  </datafield>
  <datafield tag="040" ind1=" " ind2=" ">
    <subfield code="a">UkLoBP</subfield>
    <subfield code="b">eng</subfield>
    <subfield code="e">rda</subfield>
    <subfield code="c">UkLoBP</subfield>
  </datafield>
  <datafield tag="041" ind1=" " ind2=" ">
    <subfield code="a">English</subfield>
  </datafield>
  <datafield tag="050" ind1=" " ind2="4">
    <subfield code="a">TP983</subfield>
    <subfield code="b">.K373 2023</subfield>
  </datafield>
  <datafield tag="100" ind1=" " ind2=" ">
    <subfield code="a">Karchin, Lindsay,</subfield>
    <subfield code="9">25470</subfield>
  </datafield>
  <datafield tag="245" ind1="0" ind2="0">
    <subfield code="a">Cosmetics Marketing </subfield>
    <subfield code="b">: Strategy and Innovation in the Beauty Industry </subfield>
    <subfield code="c">/ Lindsay Karchin and Delphine Horvath.</subfield>
  </datafield>
  <datafield tag="250" ind1=" " ind2=" ">
    <subfield code="a">First edtion</subfield>
  </datafield>
  <datafield tag="264" ind1=" " ind2="1">
    <subfield code="a">London :</subfield>
    <subfield code="b">Bloomsbury Visual Arts,</subfield>
    <subfield code="c">2023.</subfield>
  </datafield>
  <datafield tag="264" ind1=" " ind2="2">
    <subfield code="a">London :</subfield>
    <subfield code="b">Bloomsbury Publishing (UK),</subfield>
    <subfield code="c">2023.</subfield>
  </datafield>
  <datafield tag="300" ind1=" " ind2=" ">
    <subfield code="a">viii, 195 pages :</subfield>
    <subfield code="b">illustrations</subfield>
  </datafield>
  <datafield tag="504" ind1=" " ind2=" ">
    <subfield code="a">Includes bibliographical references and index.</subfield>
  </datafield>
  <datafield tag="505" ind1="0" ind2=" ">
    <subfield code="a">A Brief History of Makeup
&#x2014; Understanding the Cosmetics Market
&#x2014; Strategies in Cosmetics Marketing
&#x2014; Innovation and Evolution
&#x2014; Planning a Beauty Career
&#x2014; Makeup Theory and Approaches.</subfield>
  </datafield>
  <datafield tag="520" ind1=" " ind2=" ">
    <subfield code="a">Discover the tools required to pursue your career in cosmetics marketing. Through an in-depth analysis of this fast-growing and complex industry, Cosmetics Marketing: Strategy and Innovation in the Beauty Industry provides thought-provoking, industry-led exercises and case studies to demonstrate the role of aesthetics, authentic communication, emerging technologies, cultural trends, and the measurement of marketing efforts. There are also practical, beautifully illustrated resources for entering the field, exercises for boosting creativity, preparations for interviews, as well as an overview of the beauty products and theory used by makeup artists and product developers. With a focus on the evolution of the industry and its social responsibilities in terms of inclusivity and sustainability, this is a core text for cosmetics courses in marketing and business at the undergraduate and graduate levels. Cosmetics Marketing is the ultimate guide to this powerful, multi-billion dollar global industry and will influence and support the next generation of leaders in beauty.</subfield>
  </datafield>
  <datafield tag="650" ind1=" " ind2="0">
    <subfield code="a">Cosmetics</subfield>
    <subfield code="x">Marketing.</subfield>
  </datafield>
  <datafield tag="650" ind1=" " ind2="0">
    <subfield code="a">Fashion &amp; beauty industries</subfield>
    <subfield code="9">25472</subfield>
  </datafield>
  <datafield tag="700" ind1=" " ind2=" ">
    <subfield code="a">Horvath, Delphine,</subfield>
    <subfield code="e">author.</subfield>
    <subfield code="9">25473</subfield>
  </datafield>
  <datafield tag="942" ind1=" " ind2=" ">
    <subfield code="2">lcc</subfield>
  </datafield>
  <datafield tag="952" ind1=" " ind2=" ">
    <subfield code="0">0</subfield>
    <subfield code="1">0</subfield>
    <subfield code="2">lcc</subfield>
    <subfield code="4">0</subfield>
    <subfield code="7">0</subfield>
    <subfield code="a">TBS</subfield>
    <subfield code="b">TBS</subfield>
    <subfield code="d">2025-11-24</subfield>
    <subfield code="l">1</subfield>
    <subfield code="o">TP983 KAR</subfield>
    <subfield code="p">B05612</subfield>
    <subfield code="r">2026-03-19</subfield>
    <subfield code="s">2026-02-04</subfield>
    <subfield code="t">1</subfield>
    <subfield code="w">2025-11-24</subfield>
    <subfield code="y">1</subfield>
  </datafield>
  <datafield tag="999" ind1=" " ind2=" ">
    <subfield code="c">4750</subfield>
    <subfield code="d">4750</subfield>
  </datafield>
</record>
